000 00582nam a2200193 i 4500
001 64836
003 ES-MaACL
005 20230906165225.0
007 t|
008 040105s1968 sp ||||1| spa d
100 1 _aFourastie, Jean.
_9182927
245 1 3 _aLa moral prospectiva
_b: la moral de ayer, de hoy y de mañana /
_cJean Fourastié ; [traducción de Roberto Bieger].
250 _a[1ª ed.].
260 _aMadrid :
_bCid,
_c[1968]
300 _aXII, 267 p. ;
_c20 cm.
700 1 _aBieger, Roberto.
_928802
852 _aES-MaACL
_jC-50896
_bR.66169
999 _c64836
_d64836